[Event "Yingmei Cup CHN-chT 2017"]
[Site "Guangdong"]
[Date "2017.12.04"]
[Round "21"]
[White "Ding, Liren"]
[Black "Zhao, Zong-Yuan"]
[Result "1/2-1/2"]
[WhiteElo "2772"]
[BlackElo "2543"]
[Annotator "TA"]
[PlyCount "296"]
[EventDate "2017.??.??"]
[EventCountry "CHN"]
[SourceTitle "playchess.com"]
[Source "ChessBase"]
[SourceQuality "1"]

{[%evp 15,296,50,54,43,45,47,54,1,6,2,10,8,11,0,0,0,0,0,0,0,0,0,0,0,0,0,0,0,4,3,7,9,6,0,0,1,33,33,33,33,33,33,33,33,33,31,33,33,79,26,33,33,33,33,33,33,34,33,33,33,33,18,21,13,20,0,16,17,20,20,20,15,15,15,17,15,17,10,24,18,43,25,22,10,41,0,14,0,6,6,6,6,6,6,6,6,92,8,8,0,0,0,0,6,6,6,6,6,6,6,6,6,6,0,6,6,6,6,6,6,6,6,25,6,14,10,10,6,6,6,6,0,0,0,14,7,22,18,39,39,39,39,39,39,47,47,76,80,105,87,123,116,123,123,123,123,123,123,123,123,123,123,123,123,123,0,123,0,123,123,123,123,123,123,123,123,123,123,123,123,123,123,123,123,123,123,123,123,123,123,123,123,123,123,123,123,123,0,123,123,123,123,123,123,123,0,123,0,39,0,123,123,123,56,123,123,123,123,123,123,123,123,123,123,123,123,123,0,123,0,123,0,123,0,123,58,123,123,123,123,123,0,0,0,123,123,123,0,0,0,0,0,0,0,0,0,0,0,0,0,0,0,0,0,0,0,0,0,0,0,0,0,0,0,0,0,0,0,0,0,0,0,0]} 1. c4 e6 2. Nc3 Nf6 3. e4 d5 4. cxd5 exd5 5. e5 Ne4 6. Nf3 Nc6 7. Bb5 Nxc3 {A18: English Opening: Flohr-Mikenas System (1 c4 Nf6 2 Nc3 e6 3 e4)} (7... Be7 8. O-O O-O 9. Re1 Bf5 10. Bxc6 bxc6 11. Nd4 Bd7 12. Nxe4 dxe4 13. Rxe4 c5 14. Nf3 Bc6 15. Re3 {0-1 (41) Ding,L (2730)-Wang,Y (2711) Shenzhen 2014}) 8. dxc3 Be7 {LiveBook: 5 Games} 9. O-O O-O {White is slightly better.} 10. Re1 Bf5 $146 ({Predecessor:} 10... Bg4 11. Qd3 Qd7 12. Nd4 a6 13. Nxc6 axb5 14. Nxe7+ Qxe7 15. Qxd5 {½-½ (64) Gretarsson,H (2554)-Khademalsharieh,S (2357) Reykjavik 2015}) 11. Bxc6 (11. Bd3 $14 Bxd3 12. Qxd3) 11... bxc6 $11 {[%cal Bb7c6,Bc6c5][%mdl 32]} 12. Nd4 Qd7 13. Be3 a5 14. Qa4 c5 15. Nc6 Kh8 16. b3 $1 Rfe8 17. Nxe7 Qxa4 18. bxa4 Rxe7 19. Bxc5 Re6 20. Rad1 Rc6 21. Be7 Rxc3 22. Rxd5 Rc4 23. a3 Rxa4 24. Rc1 c6 25. Rd2 Re4 26. Bd6 $36 {[%mdl 2048] White is more active.} c5 27. h3 Rd4 28. Rxd4 cxd4 $14 {[%mdl 4096] Endgame KRB-KRB} 29. g4 Rc8 30. Rd1 Be6 31. Rxd4 Rc4 32. Rd2 (32. Rxc4 $16 Bxc4 33. f4) 32... h5 33. f3 Rc3 34. Kf2 hxg4 35. hxg4 Kh7 36. Rd4 Bc8 37. Rf4 Kg6 38. Ra4 Rc2+ 39. Kg3 Rc3 $1 40. Kf2 Rc2+ 41. Ke3 Rc3+ 42. Ke2 Rb3 43. e6 Bxe6 44. Rxa5 f5 45. gxf5+ Bxf5 46. Be5 Be6 47. f4 Kf5 48. Bd6+ Kf6 49. a4 g6 50. Rc5 Bf5 51. a5 Ke6 52. Be5 Ra3 53. Bc3 Kd7 54. Kd2 Ra4 55. Be5 Ra2+ (55... Ra3 $11) 56. Ke3 (56. Kc3 $1 $16) 56... Ra4 $11 57. Bc3 Kd6 58. Rb5 Kc6 59. Rb6+ Kc5 60. Bd2 Ra3+ 61. Ke2 {aiming for Bb4+.} Ra2 62. Rb8 Kc6 63. Rd8 Kb7 64. Kf2 Ra3 65. Rd6 Kc7 66. Rf6 Ra4 67. Be3 {next a6 is good for White.} Kb7 68. Rb6+ Ka8 69. Rb5 Bd3 70. Rd5 Bf5 71. Kg3 Ra3 72. Re5 Kb7 73. Kh4 Ka6 74. Bd2 Ra2 75. Rd5 Ra3 76. Rd6+ Kb7 77. Bb4 $1 {[%cal Rb4a3]} Ra4 78. Rb6+ Ka8 79. Kg5 Ra2 80. Kf6 Ka7 81. Ke5 Ra1 82. Kd5 Ka8 83. Rf6 Kb7 84. Kc4 Rd1 85. a6+ Ka8 86. Kb5 Rd8 87. Bd6 Ka7 88. Rf7+ Ka8 89. Be5 Re8 90. Bd6 {White wants to mate with Kb6.} Rd8 91. Rf6 (91. Bc7 $16 Re8 92. Kb6 Re6+ 93. Ka5) 91... Rc8 (91... Ka7 $1 $11) 92. Kb6 $16 Rd8 93. Be5 Re8 94. Rf7 {[%csl Gb6][%cal Rf7a7]} Re6+ 95. Ka5 Re8 96. Bc7 Be4 97. Bd6 {White threatens Kb6 and mate.} Rd8 98. Rf6 Bd3 99. Bc5 $1 Bf5 100. Rf7 Re8 101. Rg7 Be4 102. Ra7+ Kb8 103. Rd7 {And now Bd6+ would win.} Ka8 104. Bd6 Bf5 105. Rf7 Rd8 106. Be5 Re8 $1 107. Rg7 Be4 108. Rd7 {Threatening mate with Kb6.} Bf5 109. Rf7 Be4 110. Bd6 Rd8 111. Rf6 (111. Bc5 $16) 111... Bd3 $1 $14 112. Kb6 (112. Kb4 $14) 112... Bf5 $1 $16 113. Kc6 Rc8+ {[#]} 114. Kb5 ({White should play} 114. Kd5 $1 $16) 114... Rd8 ({Better is} 114... Bd7+ $1 $14 115. Ka5 Rc6) 115. Kb6 Be4 116. Kc7 Re8 117. Kd7 Rh8 118. Bc5 Bf5+ 119. Kc6 Rc8+ 120. Kb6 Rb8+ 121. Ka5 Rd8 $1 122. Rf7 Re8 $1 123. Bd6 {Intending Kb6 and mate.} Rd8 124. Be5 {Kb6 would kill now.} Re8 $1 125. Rc7 (125. a7 $16) 125... Be4 (125... g5 $1 $14) 126. Bd6 Rd8 127. Be7 Re8 128. Kb6 (128. Bc5 $16) 128... Rb8+ $1 $11 129. Ka5 (129. Kc5 $11) 129... Re8 $1 $16 130. Bf6 Bf5 {[#]} 131. Rc6 (131. Rg7 $1 $16) 131... Rc8 $11 {The position is equal.} 132. Rd6 {Threatens to win with Be5.} Rc5+ 133. Kb6 Rc8 134. a7 Re8 $1 135. Be7 Bc8 $1 136. Rxg6 Rxe7 {KRB-KR} 137. Rg8 {[%cal Rg8c8]} Re6+ 138. Kb5 Kxa7 139. Rxc8 {KR-KR} Kb7 140. Rc5 Re4 141. f5 Rf4 142. Ka5 Ka7 143. Kb5 Kb7 144. Rd5 Kc7 145. Kc5 Ra4 146. Re5 {With the idea Kd5.} Kd7 147. f6 {Re7+ is the strong threat.} Ra6 148. f7 Rf6 {Precision: White = 54%, Black = 77%.} 1/2-1/2

[Event "Yingmei Cup CHN-chT 2017"]
[Site "Guangdong"]
[Date "2017.12.04"]
[Round "21"]
[White "Rapport, Richard"]
[Black "Ma, Qun"]
[Result "0-1"]
[WhiteElo "2707"]
[BlackElo "2636"]
[Annotator "TA"]
[PlyCount "168"]
[EventDate "2017.??.??"]
[EventCountry "CHN"]
[SourceTitle "playchess.com"]
[Source "ChessBase"]
[SourceQuality "1"]

{[%evp 11,168,7,23,17,22,14,24,12,24,14,17,-1,18,20,28,2,19,-6,25,24,13,21,23,0,17,17,47,49,43,7,15,13,19,0,0,0,0,0,0,0,9,21,27,0,0,0,0,-31,-27,-75,-85,-83,-74,-85,-85,-136,-141,-140,-138,-147,-143,-315,-314,-334,-334,-316,-329,-320,-319,-319,-306,-301,-297,-283,-6,-6,0,0,0,-7,0,-34,0,0,0,-13,-30,-14,-32,-33,0,0,0,0,0,-8,-8,-25,0,-342,0,0,0,-335,-342,-342,-335,-336,-178,-127,-133,-11,-12,-472,-397,-241,-226,-2196,-2111,-2790,-4031,-29966,-29967,-29965,-29967,-6821,-5613,-6718,-6014,-5089,-4887,-2379,-3464,-1730,-1502,-1245,-715,-666,-659,-432,-277,-812,-285,-5193,-29964,-11415,-8990,-29979,-29980,-29980,-29981,-29981,-29982,-29982,-29983,-29983,-29982,-29990,-29989]} 1. e4 e5 2. Nf3 Nc6 3. Bc4 Bc5 4. c3 Nf6 5. d3 d6 6. Bb3 Bb6 {LiveBook: 133 Games} 7. a4 {C54: Giuoco Piano: 4 c3 Nf6, main lines with 5 d4 and 5 d3} a6 8. Na3 $146 ({Predecessor:} 8. Nbd2 Ba7 9. h3 Ne7 10. Nf1 Ng6 11. Ng3 h6 12. d4 O-O 13. O-O Nh7 14. Be3 Qf6 {1-0 (54) Hou,Y (2623)-Stefanova,A (2518) Kazan 2012}) 8... Ne7 9. a5 {White has an edge.} Ba7 10. Bg5 Ng6 11. Nh4 Nxh4 12. Bxh4 h6 13. Nc2 (13. Ba4+ {keeps more tension.} Kf8 14. Bb3 Qe7 15. Nc2 g5 16. Bg3) 13... Qe7 (13... g5 {looks sharper.} 14. Bg3 Qe7 15. Ba4+ Bd7 16. Bxd7+ Nxd7 17. f3 f5) 14. Qe2 (14. Ba4+ {is more complex.} c6 15. Ne3 g5 16. Bg3 Be6 17. b4) 14... c6 15. Ne3 Be6 16. Bxe6 Qxe6 17. Qf3 Bxe3 18. Qxe3 g5 19. Bg3 Nh5 20. Ra4 c5 21. Rc4 O-O 22. Qe2 Nxg3 23. hxg3 b5 24. axb6 Rab8 25. f4 gxf4 26. gxf4 Rxb6 27. Qd2 {next f5 is good for White.} exf4 28. Qxf4 Kg7 29. b4 a5 {[%cal Ra5b4]} 30. Qg3+ Kh7 {[%cal Ra5b4]} 31. Qf2 axb4 32. cxb4 Rxb4 33. O-O (33. Rc1 $142) 33... Rxc4 $17 34. dxc4 Qxe4 {[%mdl 4096] Endgame KQR-KQR} 35. Qf6 Qxc4 36. Rf4 $2 (36. Rd1 $17 {might work better.}) 36... Qd5 $19 37. Qe7 Qe5 38. Rxf7+ Rxf7 39. Qxf7+ {KQ-KQ} Qg7 40. Qf5+ Kh8 $1 41. Qc8+ Qg8 42. Qf5 {White hopes to continue with Qf6+.} Qd8 $2 (42... Qe8 $1 $19 {[%cal Re8e1]} 43. g3 Qe1+ 44. Kg2 Qd2+ 45. Kh3 Kg7) 43. Qf7 $1 $11 d5 44. Qe6 Kg7 45. Qe5+ Kg6 46. Qe6+ Kh7 (46... Qf6 $5 {[%cal Rf6e6]} 47. Qg8+ Kf5 48. Qxd5+ Qe5 49. Qf7+ Ke4 50. Qb7+ Kd3 51. Qb1+ Kd2 52. Qa2+ Kd3 53. Qb1+ Kd4 54. Qb2+ Ke4 55. Qb7+ Kd4 56. Qb2+ Kd5 57. Qb7+ Kd4 58. Qb2+ $17) 47. Qf5+ Kg7 {White must now prevent ...Qd6.} 48. Qe5+ Qf6 49. Qc7+ Kg6 50. Qxc5 d4 51. Qd5 Qf4 {aiming for ...Kf6.} 52. Qg8+ Kf5 {Strongly threatening ...Ke4.} 53. Qh7+ Ke5 {Threatening ...Qc1+.} 54. Qe7+ Kd5 55. Qb7+ Kc4 $1 56. Qa6+ Kc3 {...d3 is the strong threat.} 57. Qa3+ $2 {[%mdl 8192]} (57. Qa5+ $11 {and White has nothing to worry.} Kd3 58. Qb5+ Ke3 59. Qc5) 57... Kc2 $19 58. Qa2+ Kc1 59. Qc4+ Kd2 {Hoping for ...Qe3+.} 60. Qb4+ Ke3 61. Qe1+ Kd3 {And now ...Qe3+ would win.} 62. Qd1+ $2 {[%mdl 8192] [#]} (62. Qb1+ $11 {and White stays safe.} Ke2 63. Qc2+ Qd2 64. Qc4+ d3 65. Qg4+ Ke3 66. Qe6+ Kd4 67. Qb6+ Kc4 68. Qe6+ Kc3 69. Qc6+ Kb2 70. Qb5+ Kc1 71. Qe5) 62... Qd2 $1 {[%cal Rd2d1]} 63. Qb3+ Qc3 64. Qd1+ $2 (64. Qa2) 64... Ke3 65. Kh2 Kf2 {( -> ...Qg3+)} 66. Qg4 Qc7+ 67. Kh3 Qe5 68. Qf3+ Ke1 69. g3 Qe6+ 70. Kh4 Qe2 71. Qh1+ Kf2 72. Qh2+ Ke3 73. Qg1+ Ke4 74. Qh1+ Ke5 {Threatens to win with ...Qe4+.} 75. Qa1 Kf5 {[%cal Re2h2]} 76. Qa5+ $2 (76. Kh3 Qg4+ 77. Kh2) 76... Qe5 $2 (76... Ke4 77. Qa8+ Ke3) 77. g4+ $2 {[#]} (77. Qa1) 77... Kf4 $1 78. Qd2+ Qe3 79. Qh2+ Kf3 {Black mates.} 80. Qh1+ Ke2 81. Qc6 d3 82. Qa6 Kf2 83. Qf6+ Kg2 {[%csl Gg2][%cal Re3h3]} 84. Qb2+ Qf2+ {Precision: White = 41%, Black = 62%.} 0-1

[Event "Yingmei Cup CHN-chT 2017"]
[Site "Guangdong"]
[Date "2017.12.04"]
[Round "21"]
[White "Wang, Hao"]
[Black "Vallejo Pons, Francisco"]
[Result "1/2-1/2"]
[WhiteElo "2706"]
[BlackElo "2707"]
[Annotator "TA"]
[PlyCount "88"]
[EventDate "2017.??.??"]
[EventCountry "CHN"]
[SourceTitle "playchess.com"]
[Source "ChessBase"]
[SourceQuality "1"]

{[%evp 13,88,-6,0,-9,-9,-13,-10,-12,-14,-12,-8,-39,-40,-49,-44,-44,-34,-55,-44,-49,-52,-52,-52,-63,-52,-65,-71,-63,-46,-56,-50,-48,-44,-50,0,-45,0,-47,-39,-43,-39,-39,-45,-59,-39,-45,-45,-45,-45,-52,-39,-52,0,-56,-39,-52,-39,-52,-39,-48,-39,-45,-39,-39,-39,-39,-19,-39,-39,-54,-54,-54,-15,-16,0,-70,-70]} 1. e4 e6 2. d4 d5 3. Nc3 Bb4 4. e5 Ne7 5. a3 {[%cal Ba2a3,Ba3a4][%mdl 32]} Bxc3+ 6. bxc3 c5 7. a4 Bd7 {LiveBook: 7 Games. C19: French: 3 Nc3 Bb4: Main line: 7 Nf3 and 7 a4} (7... Qc7 8. Nf3 b6 9. Bb5+ Bd7 10. Be2 Nbc6 11. O-O Na5 12. Re1 h6 13. h4 Rc8 14. Ba6 Rb8 15. Bd3 Bc6 16. h5 c4 17. Bf1 Qd7 {1-0 (41) Grischuk,A (2754)-Naiditsch,A (2696) Baku 2016}) 8. f4 Qa5 9. Bd2 c4 {The position is equal.} 10. Qb1 Na6 11. Nf3 Bxa4 12. Qb2 $146 ({But not} 12. Qxb7 $2 Rb8 $19) ({Predecessor:} 12. Qa2 b5 13. Be2 h5 14. O-O Nf5 15. Rfb1 O-O 16. g3 Nb8 {1-0 (48) Drozniak,S (1579)-Pilzak,M (1974) Szczyrk 2014}) 12... b5 13. Be2 Nb8 14. O-O Nbc6 15. Be1 O-O 16. Bf2 Qc7 17. g3 a5 18. Kg2 Qd7 19. Ra2 f6 20. Qc1 Nc8 21. Qd2 Nb6 22. Rfa1 Ne7 23. Kg1 Nc6 24. Kg2 Ne7 25. Kg1 Ra6 26. Bf1 Nc6 27. Qe3 f5 28. Be1 Ra7 29. Rb1 Rb7 30. Qc1 Rfb8 31. Rab2 Nc8 32. Ra2 Nb6 {[%cal Bc8b6,Bb6a8,Ba8c7,Bc7a6][%mdl 32]} 33. Rab2 $1 Ne7 34. Ra2 h6 35. Kf2 Na8 36. Qa3 Nc7 37. Be2 Nc8 38. Rba1 Nb6 39. Nh4 Qd8 40. Nf3 Na6 41. h4 Qe8 42. Nh2 h5 43. Nf3 Qe7 44. Qxe7 (44. Qc1 $11) 44... Rxe7 {Precision: White = 48%, Black = 48%.} 1/2-1/2

[Event "Yingmei Cup CHN-chT 2017"]
[Site "Guangdong"]
[Date "2017.12.04"]
[Round "21"]
[White "Andreikin, Dmitry"]
[Black "Li, Chao b"]
[Result "1/2-1/2"]
[WhiteElo "2705"]
[BlackElo "2739"]
[Annotator "TA"]
[PlyCount "88"]
[EventDate "2017.??.??"]
[EventCountry "CHN"]
[SourceTitle "playchess.com"]
[Source "ChessBase"]
[SourceQuality "1"]

{[%evp 15,88,12,25,20,13,1,4,0,19,16,20,19,17,11,11,20,26,15,18,0,14,14,20,12,14,14,29,25,22,8,27,18,47,47,47,47,47,47,47,47,47,40,47,47,55,64,62,56,56,48,48,48,56,56,64,64,64,71,71,71,91,56,56,56,71,71,69,0,0,0,0,0,0,0,0]} 1. e4 e5 2. Nf3 Nf6 3. Nxe5 d6 4. Nf3 Nxe4 5. d3 Nf6 6. d4 Be7 7. Bd3 O-O {C42: Petroff Defence: 3 Nxe5 and unusual White 3rd moves} 8. O-O c5 {LiveBook: 7 Games} (8... Re8 9. Bf4 Nbd7 10. c4 d5 11. Qb3 c5 12. cxd5 Nb6 13. Nc3 cxd4 14. Nxd4 Nfxd5 15. Nxd5 Qxd5 {½-½ (78) Rapport,R (2692)-Li,C (2741) Palma de Mallorca 2017}) 9. c4 d5 10. dxc5 dxc4 $146 ({Predecessor:} 10... Bxc5) 11. Bxc4 Qxd1 12. Rxd1 Bxc5 13. Nc3 Bg4 14. h3 Bxf3 15. gxf3 Nc6 16. Nd5 Nxd5 17. Rxd5 Be7 18. Be3 Rfd8 19. Rc1 Bf6 20. b3 g6 21. Kg2 Kg7 22. a4 Nd4 23. Rd1 Rxd5 24. Bxd5 Nf5 25. Bxb7 Rd8 26. Rxd8 Nxe3+ 27. fxe3 Bxd8 $14 {[%mdl 4096] Endgame KB-KB} 28. b4 f5 29. a5 Be7 30. b5 Bc5 31. e4 Kf6 32. f4 fxe4 33. Bxe4 Bd6 34. Kf3 Bc7 35. b6 axb6 36. a6 {[#] Black must now prevent a7.} Bb8 37. Bd3 b5 {[%cal Bb6b5,Bb5b4][%mdl 32]} 38. Ke4 b4 39. Kd4 g5 40. f5 h5 41. Kc4 ({White should play} 41. Be2 $1 $14) 41... g4 $11 {The position is equal.} 42. hxg4 hxg4 43. Kxb4 g3 {[#] aiming for ...g2.} 44. Be4 Ke5 {Precision: White = 83%, Black = 66%.} 1/2-1/2

[Event "Yingmei Cup CHN-chT 2017"]
[Site "Guangdong"]
[Date "2017.12.04"]
[Round "21"]
[White "Wang, Yue"]
[Black "Xu, Jun"]
[Result "1-0"]
[WhiteElo "2689"]
[BlackElo "2510"]
[Annotator "TA"]
[PlyCount "79"]
[EventDate "2017.??.??"]
[EventCountry "CHN"]
[SourceTitle "playchess.com"]
[Source "ChessBase"]
[SourceQuality "1"]

{[%evp 26,79,43,41,74,68,69,56,53,54,45,43,45,45,50,41,43,40,57,22,60,58,74,74,80,78,97,81,144,138,131,101,218,211,200,235,228,185,184,217,210,187,327,324,337,313,305,291,397,386,434,404,498,495,481,474]} 1. d4 Nf6 2. c4 e6 3. g3 d5 4. Bg2 Be7 5. Nf3 O-O 6. Nc3 dxc4 7. Ne5 c5 8. dxc5 Qxd1+ 9. Nxd1 Bxc5 10. Nc3 Nc6 11. Nxc4 Bd7 12. O-O Rfd8 13. Bf4 {E06: Katalanisch} Be8 (13... Ne8 14. Rfd1 f6 15. Ne4 Be7 16. Ned6 Nxd6 17. Bxd6 Bxd6 18. Nxd6 {1-0 (71) Wang,Y (2717)-Laznicka,V (2667) China 2014}) 14. Rfd1 {LiveBook: 7 Partien} Rxd1+ 15. Rxd1 {Weiß steht besser.} Rd8 16. Rxd8 Nxd8 17. Bc7 Nc6 18. Nd6 Bxd6 19. Bxd6 Bd7 20. f4 $146 ({Vorgänger:} 20. b3 Ne8 {0-1 (37) Ribic,K (2294)-Holzapfel,D (2236) Berlin 2001}) 20... Ne8 21. Ba3 b6 22. Kf2 Nb8 23. e4 Bc6 24. Ke3 f5 25. Bf1 g6 26. e5 Kf7 (26... Bd7 $142) 27. Nb5 $16 a5 28. Bc4 Bd7 {[#]} (28... Bb7 $16) 29. Nd6+ $1 $18 Nxd6 30. Bxd6 {[%mdl 4096] Endspiel KLL-KLS} b5 31. Be2 ({Bloß nicht} 31. Bxb8 $6 bxc4 32. Kd4 a4 $16) 31... Nc6 32. Bxb5 Nxe5 {[#] Und weiter mit ...Sg4+ wäre nett.} 33. Bxd7 $1 ({Schwächer ist} 33. fxe5 Bxb5 34. b4 axb4 $11) 33... Nc4+ (33... Nxd7 $142 34. b3 Nf6) 34. Kd4 Nxd6 {KL-KS} 35. Bc6 Ke7 36. Kc5 g5 37. fxg5 e5 38. Bd5 f4 39. gxf4 exf4 40. Kd4 {Precision: Weiß = 88%, Schwarz = 41%.} 1-0

[Event "Yingmei Cup CHN-chT 2017"]
[Site "Guangdong"]
[Date "2017.12.04"]
[Round "21"]
[White "Moiseenko, Alexander"]
[Black "Wen, Yang"]
[Result "0-1"]
[WhiteElo "2674"]
[BlackElo "2600"]
[Annotator "TA"]
[PlyCount "156"]
[EventDate "2017.??.??"]
[EventCountry "CHN"]
[SourceTitle "playchess.com"]
[Source "ChessBase"]
[SourceQuality "1"]

{[%evp 19,156,18,35,4,7,3,6,6,21,6,14,4,56,42,46,27,30,14,0,0,14,6,4,0,0,0,0,0,7,0,0,-13,-12,-20,-18,-21,-10,-16,-31,-59,-50,-83,-92,-128,-137,-165,-169,-165,-163,-192,-188,-238,-238,-246,-220,-223,-220,-217,-214,-227,-214,-209,-212,-266,-266,-260,-262,-262,-260,-371,-303,-347,-277,-258,-274,-277,-277,-398,-398,-398,-398,-397,-387,-387,-387,-530,-530,-527,-527,-527,-526,-523,-523,-514,-514,-556,-556,-556,-556,-556,-556,-556,-556,-402,-461,-456,-343,-2026,-2026,-12053,-5297,-29961,-29958,-29960,-29944,-12837,-5257,-29967,-29968,-29969,-29972,-29973,-29974,-29972,-29975,-29975,-29976,-29976,-29977,-29978,-29979,-29985,-29986,-29987,-29988,-29988,-29989,-29989,-29990]} 1. d4 d5 2. c4 c6 3. Nf3 Nf6 4. Nc3 e6 5. Bg5 h6 6. Bxf6 Qxf6 7. e3 g6 8. Be2 {D43: Damengambit (Botwinnik-Variante)} Bg7 9. O-O O-O 10. e4 Qd8 {LiveBook: 5 Partien} 11. Rc1 $146 ({Vorgänger:} 11. e5 dxc4 12. Bxc4 c5 13. dxc5 Nd7 14. Qe2 Nxc5 15. Rfd1 Qe7 {0-1 (61) Lupulescu,C (2618)-Mamedyarov,S (2761) Baku 2016}) 11... dxc4 12. Bxc4 Nd7 13. e5 c5 14. dxc5 Nxc5 15. Qe2 b6 (15... Nd7 $11) 16. Rfd1 $1 $14 {[%cal Rd1d8]} Qe7 $1 17. b4 Nd7 18. Bb5 a6 $1 {[%cal Ra6b5]} 19. Bc6 Ra7 20. a3 Rc7 21. Bxd7 Rxd7 22. Rxd7 Qxd7 23. Ne4 Qe7 24. Nd6 Bb7 $1 25. Nxb7 Qxb7 26. Qc4 Rd8 27. h3 a5 28. bxa5 bxa5 29. a4 Rd5 30. Re1 Bf8 31. Qc2 Rc5 32. Qe4 Qxe4 33. Rxe4 $19 {[%mdl 4096] Endspiel KTL-KTS} Rc1+ 34. Kh2 Rc2 35. Kg3 Bc5 36. Nh2 Bxf2+ 37. Kf3 Bc5 38. Ng4 Kg7 39. Nf6 Rf2+ 40. Kg3 Rd2 41. Rc4 Bd4 42. Kf4 g5+ $1 43. Ke4 Bb2 44. Rc5 (44. Rc8 {war angesagt.} Re2+ 45. Kd3 Rxe5 46. Ne4) 44... Re2+ 45. Kd3 Rxe5 46. Nd7 Rf5 $1 47. Rxf5 exf5 {KL-KS} 48. Nb8 (48. h4 $142) 48... Be5 $1 {[%cal Re5b8]} 49. Nc6 Bc7 50. Ne7 f4 51. Ke4 f6 52. Kf5 Kf7 53. Nd5 Be5 54. Nb6 h5 {[%cal Bh6h5,Bh5h4,Bh4h3,Bh3h2][%mdl 32]} 55. Nc4 g4 56. hxg4 {[#]} f3 $1 {[%cal Rf3g2][%mdl 512]} 57. gxf3 h4 {Und ...h3 würde nun gewinnen.} 58. Nd2 h3 {Weiss muss nun ...h2 beachten.} 59. Ne4 h2 60. Nf2 Bd4 61. Nh1 Ke7 62. Ke4 Bb2 {zielt auf ...Kd6 ab.} 63. f4 $2 (63. Kd5 Bc3 64. Kc4) 63... Kd6 64. Kf3 Kc5 65. Kg2 Kb4 66. Nf2 Kxa4 67. Nd3 Bd4 68. g5 fxg5 {Schwarz setzt Matt.} 69. fxg5 {[#]} Kb3 $1 {[%cal Rb3c2]} 70. g6 Kc4 71. Nf4 a4 {[%cal Ba5a4,Ba4a3][%mdl 32]} 72. Ne2 {[#]} Be5 $1 73. Nc1 a3 74. Na2 Kd5 75. g7 Bxg7 76. Kxh2 Kc4 77. Kg2 Bb2 78. Kf3 Kb3 {Precision: Weiß = 35%, Schwarz = 90%.} 0-1

[Event "Yingmei Cup CHN-chT 2017"]
[Site "Guangdong"]
[Date "2017.12.04"]
[Round "21"]
[White "Lu, Shanglei"]
[Black "Wan, Yunguo"]
[Result "1/2-1/2"]
[WhiteElo "2640"]
[BlackElo "2491"]
[Annotator "TA"]
[PlyCount "66"]
[EventDate "2017.??.??"]
[EventCountry "CHN"]
[SourceTitle "playchess.com"]
[Source "ChessBase"]
[SourceQuality "1"]

{[%evp 11,66,-2,17,-45,0,0,0,0,0,-4,-4,-4,-4,-4,-2,-21,7,0,15,0,0,0,13,14,14,14,21,4,18,-29,-36,-44,-45,-50,-28,-18,0,0,0,0,0,0,0,0,0,-2,-3,-8,-8,-8,-8,-60,-48,-48,-48,-32,-54]} 1. e4 c5 2. Nf3 Nc6 3. d4 cxd4 4. Nxd4 Nf6 5. Nc3 e5 6. Nde2 Bb4 {LiveBook: 8 Games} 7. Bd2 {B33: Sicilian: Pelikan and Sveshnikov Variations} (7. a3 $11 Ba5 8. Bg5) (7. a3 Ba5 8. Bg5 h6 9. Bxf6 Qxf6 10. Qd3 O-O 11. g3 d5 12. O-O-O Bg4 13. Nxd5 Qxf2 14. h3 Be6 {½-½ (40) Dai,C (2425)-Lintchevski,D (2560) St Petersburg 2017}) 7... d5 8. exd5 Nxd5 9. Nxd5 {The position is equal.} Qxd5 10. Bxb4 Qxd1+ 11. Rxd1 $146 {[#] aiming for Ba3.} ({Predecessor:} 11. Kxd1 Nxb4 12. a3 Nc6 13. Ng3 Be6 14. Bd3 O-O-O {0-1 (29) Kunerth,W-Leoncini,M Imperia 1983}) 11... Nxb4 12. c3 $132 {[%mdl 2048] White is not keeping still} Nc6 (12... Nxa2 13. f4 $14) 13. Ng3 Be6 14. Ne4 Bxa2 15. Nd6+ Ke7 16. Nxb7 Rab8 17. Ba6 Nd8 18. Nxd8 Rhxd8 19. b4 Rb6 20. Be2 (20. Rxd8 {seems wilder.} Kxd8 21. Bd3 e4 22. Bc2 a5 23. bxa5 Rb2 24. Bxe4 Bc4 25. Bf3) 20... Rxd1+ 21. Kxd1 $11 {[%mdl 4096] Endgame [#] KRB-KRB} a5 $1 {[%mdl 512]} 22. b5 (22. bxa5 Rb1+) 22... Bb3+ 23. Kd2 Kd6 24. c4 Kc5 25. Kc3 a4 26. Re1 $1 f6 27. Bd3 Rd6 {Hoping for ...Rd4.} 28. f4 Rd4 ({Much worse is} 28... exf4 $6 29. Re7 $16) 29. fxe5 {Strongly threatening e6.} Bxc4 30. Bxh7 {Threatens to win with b6!} Bxb5 {Black wants to play ...Rc4+.} 31. Bg8 ({Better is} 31. exf6 $11 gxf6 32. g3) 31... Rd3+ {Black is slightly better.} 32. Kc2 Rd8 33. Bf7 Be8 {Precision: White = 58%, Black = 61%.} 1/2-1/2

[Event "Yingmei Cup CHN-chT 2017"]
[Site "Guangdong"]
[Date "2017.12.04"]
[Round "21"]
[White "Zhou, Weiqi"]
[Black "Yu, Yangyi"]
[Result "0-1"]
[WhiteElo "2614"]
[BlackElo "2743"]
[Annotator "TA"]
[PlyCount "88"]
[EventDate "2017.??.??"]
[EventCountry "CHN"]
[SourceTitle "playchess.com"]
[Source "ChessBase"]
[SourceQuality "1"]

{[%evp 26,88,19,12,41,24,43,44,62,14,20,-24,-24,-45,-45,-38,-41,-37,-27,-35,-27,-104,-97,-119,-127,-114,-115,-118,-81,-165,-168,-179,-185,-165,-192,-187,-179,-280,-277,-431,-423,-543,-547,-566,-600,-700,-695,-698,-693,-586,-660,-649,-645,-591,-577,-561,-558,-612,-610,-671,-654,-647,-648,-667,-657]} 1. d4 Nf6 2. c4 g6 3. g3 Bg7 4. Bg2 O-O 5. Nf3 d6 6. O-O Nbd7 7. Nc3 e5 8. Qc2 exd4 9. Nxd4 Nb6 10. Rd1 Nxc4 11. Ncb5 a6 12. Qxc4 axb5 13. Nxb5 Ne8 {E67: King's Indian: Fianchetto: 6...Nbd7} 14. Qb4 {LiveBook: 5 Games} Be6 (14... c6 15. Nxd6 Nxd6 16. Qxd6 Be6 17. Qxd8 Rfxd8 18. Rxd8+ Rxd8 19. Bg5 Ra8 20. a4 Bxb2 21. Rb1 Rxa4 22. Bxc6 bxc6 23. Rxb2 Kg7 24. f3 Ra2 25. Rxa2 Bxa2 {½-½ (25) Jumabayev,R (2525)-Radjabov,T (2788) Astana 2012}) 15. Be3 $146 ({Predecessor:} 15. Nc3 Nf6 16. Qxb7 Rb8 17. Qa7 Re8 18. Qa4 Qe7 19. h3 d5 20. Bg5 Rxb2 21. Bxd5 {0-1 (28) Kerecsenyi,Z (1582)-Bartsch,C (1914) LSS email 2013}) 15... Qe7 {White has an edge.} 16. Nc3 Nf6 17. Qh4 ({Wrong is} 17. Bxb7 $2 c5 $19) 17... Ra5 18. Bg5 h6 $1 19. Bxh6 {Strongly threatening Bg5.} Rh5 $36 {[%mdl 2048] White is under pressure.} 20. Bxg7 Rxh4 21. Bxf8 Kxf8 22. gxh4 d5 23. e3 {[#]} (23. Bxd5 $11 {remains equal.} Nxd5 24. Nxd5 Bxd5 25. Rxd5) 23... Qb4 $1 $17 24. Rd2 ({But not} 24. Nxd5 $2 Nxd5 25. Rxd5 Bxd5 $19) 24... Qxh4 25. f3 c6 {[%mdl 1024] Black has strong compensation.} 26. Rad1 Kg7 27. Re2 {[#]} (27. Ne2 $17) 27... Nd7 $1 $19 28. Rd4 Qf6 29. f4 Bg4 30. Rf2 Nc5 31. h3 (31. Nd1 $142) 31... Bf5 32. Bf1 (32. Kh2 {is a better defense.}) 32... Qh4 {Black is clearly winning.} 33. Ne2 Bxh3 34. Rf3 Bg4 35. f5 Ne4 36. f6+ Kg8 37. Rxe4 dxe4 38. Rf4 Qg5 39. Kf2 Be6 40. Nc3 Qe5 41. Be2 Bf5 42. Bg4 Bxg4 43. Rxg4 Qxf6+ 44. Rf4 Qe5 {Precision: White = 39%, Black = 81%.} 0-1